[Event "Hamar op A"]
[Site "Hamar"]
[Date "2018.09.06"]
[Round "1"]
[White "Orsleie, Sivert Nikolai"]
[Black "Kristiansen, Ole Jakob"]
[Result "0-1"]
[WhiteElo "1400"]
[BlackElo "1977"]
[PlyCount "100"]
[EventDate "2018.09.06"]
[EventType "swiss"]
[EventRounds "7"]
[EventCountry "NOR"]
[SourceTitle "EXT 2024"]
[Source "ChessBase"]
[SourceDate "2023.10.10"]
[SourceVersion "1"]
[SourceVersionDate "2023.10.10"]
[SourceQuality "1"]

1. d4 g6 2. e4 Bg7 3. Nf3 c5 4. Be3 Nf6 5. Nc3 Qa5 6. Qd2 cxd4 7. Nxd4 Nc6 8. Nb3 Qd8 9. Bc4 0-0 10. 0-0 a6 11. a4 Ng4 12. Bg5 Qc7 13. Bf4 Be5 14. Nd5 Qd6 15. Rad1 Bxf4 16. Nxf4 Qc7 17. h3 Nf6 18. Rfe1 Ne5 19. Bf1 d6 20. Nd5 Nxd5 21. exd5 Re8 22. Nc1 Bf5 23. c3 Rac8 24. Qf4 e6 25. g4 Bc2 26. Rd2 Bb1 27. Bg2 Nc4 28. Rde2 e5 29. Qg3 g5 30. b3 Nb6 31. c4 Bg6 32. Qe3 h6 33. Be4 Bxe4 34. Qxe4 Nd7 35. Qf5 Nf8 36. Re3 Qe7 37. Ne2 Kg7 38. Rf3 Ng6 39. Ng3 Nf4 40. Rxf4 gxf4 41. Nh5+ Kf8 42. Nxf4 Qg5 43. Ne6+ Rxe6 44. dxe6 Qxf5 45. gxf5 fxe6 46. Rd1 Ke7 47. f6+ Kd7 48. f7 Rf8 49. c5 d5 50. Re1 e4 0-1

[Event "Hamar CC-ch A"]
[Site "Hamar"]
[Date "2018.03.01"]
[Round "5"]
[White "Orsleie, Sivert Nikolai"]
[Black "Madagov, Ibragim"]
[Result "0-1"]
[WhiteElo "1425"]
[BlackElo "1532"]
[PlyCount "50"]
[EventDate "2018.01.04"]
[EventType "swiss"]
[EventRounds "9"]
[EventCountry "NOR"]
[SourceTitle "EXT 2024"]
[Source "ChessBase"]
[SourceDate "2023.10.10"]
[SourceVersion "1"]
[SourceVersionDate "2023.10.10"]
[SourceQuality "1"]

1. d4 Nf6 2. c4 d6 3. Nf3 g6 4. Nc3 Bg7 5. e3 0-0 6. Be2 c5 7. 0-0 Bg4 8. a3 Nc6 9. b4 Nd7 10. b5 cxd4 11. Nxd4 Bxe2 12. Ncxe2 Nce5 13. Qa4 Nb6 14. Qb3 Rc8 15. Bb2 Nexc4 16. Rfd1 Nxb2 17. Qxb2 e5 18. Nf3 Qd7 19. Qb4 Rc5 20. Nc3 e4 21. Nd4 Rc4 22. Qb3 d5 23. Nde2 Rfc8 24. Rac1 Qe6 25. Nf4 Rxc3 0-1

[Event "Hamar CC-ch A"]
[Site "Hamar"]
[Date "2017.01.19"]
[Round "2"]
[White "Orsleie, Sivert Nikolai"]
[Black "Kristiansen, Ole Jakob"]
[Result "0-1"]
[WhiteElo "1313"]
[BlackElo "1775"]
[PlyCount "44"]
[EventDate "2017.01.05"]
[EventType "swiss"]
[EventRounds "9"]
[EventCountry "NOR"]
[SourceTitle "EXT 2024"]
[Source "ChessBase"]
[SourceDate "2023.10.10"]
[SourceVersion "1"]
[SourceVersionDate "2023.10.10"]
[SourceQuality "1"]

1. d4 g6 2. c4 Bg7 3. Nf3 c5 4. d5 b5 5. e4 a6 6. Qc2 d6 7. cxb5 Nf6 8. Nc3 0-0 9. Be2 axb5 10. Nxb5 Na6 11. a3 Bb7 12. 0-0 Nd7 13. Be3 Nb6 14. Rab1 Qd7 15. b4 Rfc8 16. Qa2 Qd8 17. bxc5 Nxc5 18. Rfc1 Nxe4 19. Rxc8 Rxc8 20. Bxb6 Qxb6 21. Nc3 Qxf2+ 22. Kh1 Nxc3 0-1

[Event "Hamar op B"]
[Site "Hamar"]
[Date "2016.09.15"]
[Round "2"]
[White "Orsleie, Sivert Nikolai"]
[Black "Nygard, Lars Christian"]
[Result "0-1"]
[WhiteElo "1336"]
[BlackElo "1242"]
[PlyCount "68"]
[EventDate "2016.09.01"]
[EventType "swiss"]
[EventRounds "7"]
[EventCountry "NOR"]
[SourceTitle "EXT 2024"]
[Source "ChessBase"]
[SourceDate "2023.10.10"]
[SourceVersion "1"]
[SourceVersionDate "2023.10.10"]
[SourceQuality "1"]

1. d4 g6 2. c4 Bg7 3. Nc3 Nf6 4. Nf3 0-0 5. e3 d6 6. Be2 a6 7. a4 Nbd7 8. 0-0 b6 9. b4 Bb7 10. Qb3 Re8 11. Bb2 e5 12. dxe5 Nxe5 13. Nxe5 dxe5 14. Rfd1 Qe7 15. Nd5 Nxd5 16. cxd5 Rad8 17. e4 c6 18. dxc6 Bxc6 19. f3 Bb7 20. b5 a5 21. Ba3 Qf6 22. Rac1 Rxd1+ 23. Qxd1 Qf4 24. Qd3 Bh6 25. Rc7 Ba8 26. Bc1 Qh4 27. g3 Qh3 28. Bf1 Qh5 29. Qd7 Rf8 30. g4 Qh4 31. Ba3 Be3+ 32. Kg2 Qf2+ 33. Kh3 Qxf1+ 34. Kh4 g5+ 0-1

[Event "Hamar op"]
[Site "Hamar"]
[Date "2013.11.21"]
[Round "6"]
[White "Tostibakken, Odd N"]
[Black "Orsleie, Sivert Nikolai"]
[Result "1-0"]
[WhiteElo "1031"]
[BlackElo "884"]
[PlyCount "81"]
[EventDate "2013.08.29"]
[EventType "swiss"]
[EventRounds "7"]
[EventCountry "NOR"]
[SourceTitle "EXT 2024"]
[Source "ChessBase"]
[SourceDate "2023.10.10"]
[SourceVersion "1"]
[SourceVersionDate "2023.10.10"]
[SourceQuality "1"]

1. e4 e5 2. Nf3 Nc6 3. Bc4 Bc5 4. c3 Nf6 5. d4 exd4 6. cxd4 Bb4+ 7. Bd2 Bxd2+ 8. Nbxd2 0-0 9. 0-0 Nxe4 10. Nxe4 d5 11. Bxd5 Qxd5 12. Re1 Re8 13. Nf6+ gxf6 14. Rxe8+ Kg7 15. Re3 Bg4 16. h3 Bxf3 17. Qxf3 Qxf3 18. Rxf3 Nxd4 19. Rd3 Ne2+ 20. Kf1 Nf4 21. Rd7 Ne6 22. Rad1 Rc8 23. g3 Nc5 24. Rd8 Rxd8 25. Rxd8 Na4 26. b3 Nc3 27. a4 a5 28. Rd7 b6 29. Rxc7 Nd5 30. Rd7 Nc3 31. Rd6 b5 32. Rc6 Nb1 33. axb5 Nd2+ 34. Ke1 Nxb3 35. b6 a4 36. b7 a3 37. b8Q a2 38. Ra6 a1Q+ 39. Rxa1 Nxa1 40. Qb2 Nc2+ 41. Qxc2 1-0